00745 2200265 4500001002100000005001700021008004100038035002400079082001200103090001900115100002200134245012400156250001000280260003100290300002500321650002600346700001600372850001300388980001500401985000600416986001300422999001500435999001400450999001500464YOGYA-0209000002117820090227023515.0 ind  0010-020900000021178 a615.532 a615.532bMor M aMURGAN II, Lyle W aMengobati cedera olahraga secara alamiahbPengobatan dengan metode homeopalukcLyle W. Morgan II,alih bahasa,Wendra Ali aCet.1 aJakartabBumi Aksarac1993 axiii, 122 hlmc21 cm aOlahraga - Kecelakaan aAli, Wendra aYOPDYOGB a03-08-2006 a3 apklrtrev a96P0083059 a96P003060 a96P0083061